Science Quiz

Random Science or Biology Quiz

Taxonomy of Humans Quiz Stats

 Plays Quiz not verified by Sporcle

Also try: Pick the Gemstone
Challenge
Share
Tweet
Embed
Score 0/61 Timer 10:00
0 Plays Today
Rank Name % Correct
KingdomAnimalia
100%
ClassMammalia
100%
GenusHomo
100%
PhylumChordata
75%
FamilyHominidae
75%
DomainEukaryota
68.8%
OrderPrimates
68.8%
SpeciesHomo sapiens
62.5%
HypersubsupercohortEutheria
56.3%
SubspeciesHomo sapiens sapiens
56.3%
SubphylumVertebrata
50%
HypersubsuperclassSynapsida
50%
MegasubsupercohortPlacentalia
50%
MagnorderBoreoeutheria
50%
SubfamilyHomininae
50%
SuperfamilyHominoidea
43.8%
InfrakingdomBilateria
37.5%
SubsubphylumCraniata
31.3%
SupersubsupercohortTheria
31.3%
TribeHominini
31.3%
SupersubsuperclassAmniota
25%
ParvorderCatarrhini
25%
SubkingdomEumetazoa
18.8%
InfrasubphylumOlfactores
18.8%
SuperclassTetrapoda
18.8%
SuborderHaplorhini
18.8%
InfraorderSimiiformes
18.8%
SubdomainUnikonta
12.5%
HyperkingdomHolozoa
12.5%
SuperkingdomFilozoa
12.5%
SuperphylumDeuterostomia
12.5%
Rank Name % Correct
InfraphylumGnathostomata
12.5%
NanophylumTeleostomi
12.5%
SubsuperclassReptiliomorpha
12.5%
AttosuperclassMammaliaformes
12.5%
SuperorderEuarchontoglires
12.5%
GrandorderEuarchonta
12.5%
SuperdomainNeomura
6.3%
InfradomainOpisthokonta
6.3%
ParvkingdomNephrozoa
6.3%
MicrophylumEugnathostomata
6.3%
GigasubsuperclassSphenacodontia
6.3%
TerasubsuperclassSphenacodontoidea
6.3%
PetasubsuperclassTherapsida
6.3%
ExasubsuperclassEutherapsida
6.3%
ZettasubsuperclassNeotherapsida
6.3%
YottasubsuperclassTheriodontia
6.3%
InfrasuperclassEutheriodonta
6.3%
ParvsuperclassCynodontia
6.3%
MicrosuperclassEpicynodontia
6.3%
NanosuperclassProbainognathia
6.3%
PicosuperclassChiniquodontoidea
6.3%
FemtosuperclassProzostrodontia
6.3%
SubclassTheriiformes
6.3%
InfraclassHolotheria
6.3%
SuperlegionTrechnotheria
6.3%
LegionCladotheria
6.3%
SupercohortZatheria
6.3%
SubsupercohortTribosphenida
6.3%
MirorderPrimatomorpha
6.3%
MegasubsuperclassEupleycosauria
0%

You're not logged in!

Compare scores with friends on all Sporcle quizzes.
Join for Free
OR
Log In

You Might Also Like...

Show Comments

Extras

Top Quizzes Today


Score Distribution

Your Account Isn't Verified!

In order to create a playlist on Sporcle, you need to verify the email address you used during registration. Go to your Sporcle Settings to finish the process.

Report this User

Report this user for behavior that violates our Community Guidelines.

Details: